书目信息 |
| 题名: |
中国古代的天文与人文
|
|
| 作者: | 冯时 著 | |
| 分册: | ||
| 出版信息: | 北京 中国社会科学出版社 2006 |
|
| 页数: | 349页 | |
| 开本: | 21cm | |
| 丛书名: | ||
| 单 册: | ||
| 中图分类: | P1-092 | |
| 科图分类: | ||
| 主题词: | 天文学--关系--人文科学--研究--中国--古代 | |
| 电子资源: | ||
| ISBN: | 7-5004-5394-9 | |
| 000 | 01102nam0 2200313 450 | |
| 000 | 01065nam0 2200301 450 | |
| 000 | 01050nam0 2200301 450 | |
| 000 | 01048nam0 2200313 450 | |
| 000 | 00994nam0 2200289 450 | |
| 000 | 01012nam0 2200277 450 | |
| 000 | 00975nam0 2200265 45 | |
| 001 | 012006022269 | |
| 005 | 20061203163930.10 | |
| 010 | @a7-5004-5394-9@dCNY32.00 | |
| 100 | @a20060829d2006 em y0chiy0110 ea | |
| 101 | 0 | @achi |
| 102 | @aCN@b110000 | |
| 105 | @af z 000yy | |
| 200 | 1 | @a中国古代的天文与人文@Azhong guo gu dai de tian wen yu ren wen@f冯时著@FFeng Shi Zhu |
| 210 | @a北京@c中国社会科学出版社@d2006 | |
| 215 | @a349页@c图@d21cm | |
| 330 | @a本书从以下五个方面论述了中国古代的天文与人文:论时空;礼天与祭祖;封禅文化研究;古代天文学与古典哲学;古代天文学与古典数学。 | |
| 606 | 0 | @a天文学@x关系@x人文科学@x研究@y中国@z古代 |
| 690 | @aP1-092@v4 | |
| 701 | 0 | @a冯时@Afeng shi@4著 |
| 801 | 0 | @aCN@b中图数据@c20061203 |
| 905 | @a10447@dP1-092@e131 | |
| 中国古代的天文与人文/冯时著.-北京:中国社会科学出版社,2006 |
| 349页:图;21cm |
| ISBN 7-5004-5394-9:CNY32.00 |
| 本书从以下五个方面论述了中国古代的天文与人文:论时空;礼天与祭祖;封禅文化研究;古代天文学与古典哲学;古代天文学与古典数学。 |
| ● |
| 相关链接 |
|
|
|
|
正题名:中国古代的天文与人文
索取号:P1-092/131
 
预约/预借
| 序号 | 登录号 | 条形码 | 馆藏地/架位号 | 状态 | 备注 |
| 1 | 0616234 | 206162347 | 第二样本阅览室/ [索取号:P1-092/131] | 在馆 | |
| 2 | 0616235 | 206162356 | 第三借阅区/ [索取号:P1-092/131] | 在馆 | |
| 3 | 0616236 | 206162365 | 第三借阅区/ [索取号:P1-092/131] | 在馆 | |
| 4 | 0616237 | 206162374 | 第三借阅区/ [索取号:P1-092/131] | 在馆 | |
| 5 | 0616238 | 206162383 | 第三借阅区/ [索取号:P1-092/131] | 在馆 |